Tourist Attractions in China by Images - Statistics

General Stats
  • This quiz has been taken 17 times
  • The average score is 5 of 16
Answer Stats
Picture Answer % Correct
Great Wall of China
100%
Forbidden City
93%
Terracotta Army
57%
Canton Tower
43%
Temple of Heaven
36%
The Bund
36%
Nanjing Road
29%
Zhangjiajie
29%
Summer Palace
21%
Yu Garden
21%
Leshan Giant Buddha
14%
Lijiang
14%
Reed Flute Cave
7%
Yangtze River
7%
Elephant Trunk Hill
0%
Longji Rice Terrace
0%
No matching quizzes found
Score Distribution
Percent of People with Each Score
Percentile by Number Answered
Your Score History
You have not taken this quiz